| 000 | 00505nam a2200181Ia 4500 | ||
|---|---|---|---|
| 008 | 240925s9999 xx 000 0 und d | ||
| 020 | _a297774670 | ||
| 082 | _a796.44 BRO | ||
| 100 | _aBrookes, Christopher | ||
| 245 | 0 | _aEnglish Cricket: the game and its players through the ages | |
| 250 | _aNA | ||
| 260 |
_aLondon: _bWeidenfeld and Nicolson _c,1978. |
||
| 300 |
_a292p. _bN.A _fOriginal |
||
| 500 | _aNA | ||
| 600 | _aHumanities & Natural Science | ||
| 650 | _aArts and Recreation | ||
| 942 | _cBK | ||
| 999 |
_c12010 _d12010 |
||